000 00656nam a2200217 a 4500
005 20240320063702.0
008 040503s2000 es r 000 0 spa d
020 _a8466301380
035 _aUPN01000133261
049 _aCG
050 4 _aPS3555 L5.93
_bC6.6
100 1 _aEllis, Bret Easton,
_d1964-
_930429
245 1 4 _aLos confidentes /
_cBret Easton Ellis ; tr. Mariano Antolin Rato.
260 _aMadrid :
_bSuma de Letras,
_c2000.
300 _a281 p.
440 0 _aPunto de lectura ;
_v53.3
534 _pTraducción de:
_tThe informe
650 4 _aNovela estadounidense
_94462
650 4 _aDROGAS Y JOVENES -
_vNOVELA
_916534
905 _aLibro
999 _c105413
_d105413